| 000 | 01310nam a2200349 a 4500 | ||
|---|---|---|---|
| 001 | ebr10682370 | ||
| 003 | CaPaEBR | ||
| 006 | m u | ||
| 007 | cr cn||||||||| | ||
| 008 | 130411s2013 njuad sb 001 0 eng d | ||
| 010 | _z 58009935 | ||
| 020 | _z9781118453445 | ||
| 020 | _z9780857082893 | ||
| 020 | _z9780857082954 (e-book) | ||
| 040 |
_aCaPaEBR _cCaPaEBR |
||
| 035 | _a(OCoLC)841169542 | ||
| 050 | 1 | 4 |
_aQD951 _b.L57 2013eb |
| 082 | 0 | 4 |
_a158.2 _222 |
| 245 | 0 | 0 |
_aLiquid polymorphism _h[electronic resource] / _cedited By H. Eugene Stanley. |
| 260 |
_aHoboken, N.J. : _bWiley, _c2013. |
||
| 300 |
_axviii, 634 p. : _bill. (some col.). |
||
| 490 | 1 |
_aAdvances in chemical physics ; _vv. 123 |
|
| 504 | _aIncludes bibliographical references and indexes. | ||
| 533 |
_aElectronic reproduction. _bPalo Alto, Calif. : _cebrary, _d2013. _nAvailable via World Wide Web. _nAccess may be limited to ebrary affiliated libraries. |
||
| 650 | 0 | _aPolymorphism (Crystallography) | |
| 650 | 0 | _aLiquids. | |
| 655 | 7 |
_aElectronic books. _2local |
|
| 700 | 1 | _aStanley, H. Eugene. | |
| 710 | 2 | _aebrary, Inc. | |
| 830 | 0 |
_aAdvances in chemical physics ; _vv. 123. |
|
| 856 | 4 | 0 |
_uhttp://site.ebrary.com/lib/rucke/Doc?id=10682370 _zAn electronic book accessible through the World Wide Web; click to view |
| 999 |
_c13787 _d13787 |
||